| 000 | 00474nam a2200145Ia 4500 | ||
|---|---|---|---|
| 999 |
_c21245 _d21245 |
||
| 082 | _aTL.0047 | ||
| 100 | _aLal, A.B. | ||
| 245 | 0 | _aStudy of inventory control in Modi Steels : A quantitative approach | |
| 260 |
_c1975 _bMeerut University |
||
| 300 | _a160, xviip. + C D - 44 | ||
| 650 | _aMODI STEELS - INVENTORY CONTROL - 1969-1973 | ||
| 650 | _aSTEEL INDUSTRY AND TRADE - INVENTORY CONTROL///MODI STEELS - INVENTORY CONTROL | ||
| 710 | _aKhan, L.A. | ||
| 942 |
_cTH _2ddc |
||